00473cam a22001457a 4500008004000000020001500040082001500055245010700070260003600177300001000213440004600223650002000269700001900289700001900308180718b2001 xxu||||| |||| 00| 0 eng d a8125020179 aA6x54 P272 aHealth, medicine and empire: perspectives on colonial Indiacedited by Biswamoy Pati and Mark Harrison aNew DelhibOrient Longmanc2001 a408p. aNew Perspectices in South Asian History 1 aIndia - History aHarrison, Mark aPati, Biswamoy